| 000 | 00425nam a2200169Ia 4500 | ||
|---|---|---|---|
| 008 | 210719s1903 xx 000 0 und d | ||
| 041 | _aeng | ||
| 082 | _a821.7 SHEA | ||
| 100 | _aSHELLEY (Percy Bysshe) | ||
| 245 | _aShelleys Adonais. Ed.2. | ||
| 250 | _a2 | ||
| 260 |
_aOxford _bUniversity of Oxford _c1903 |
||
| 300 |
_aviii,162 _bHB |
||
| 365 | _cRs | ||
| 650 | _aEnglish Poetry | ||
| 700 | _aRossetti Willian Michael | ||
| 999 |
_c214050 _d214050 |
||